| 000 | 00412nam a22001697a 4500 | ||
|---|---|---|---|
| 005 | 20260406124152.0 | ||
| 008 | 260406b |||||||| |||| 00| 0 eng d | ||
| 041 | _aEnglish | ||
| 082 | _a346.0438 KAN | ||
| 100 | _aKant, Mani | ||
| 245 | _aRegistered and Non-Registered Document | ||
| 250 | _a2nd | ||
| 260 |
_aNew Delhi: _bKamal Publishers, _c2018 |
||
| 300 | _a356 P | ||
| 650 | _a Document | ||
| 942 | _cDB | ||
| 999 |
_c9605 _d9605 |
||